| 000 | 00422nam a2200133Ia 4500 | ||
|---|---|---|---|
| 008 | 220214s9999 xx 000 0 und d | ||
| 100 | _aSeyferth Dietmar | ||
| 245 | 0 | _aHalomethyl-metal compounds LVII. A convenient synthesis of aryl (trifluoromethyl) mercury compounds | |
| 260 |
_bJournal of Organometallic Chemistry _c1972 |
||
| 300 | _a201-209 | ||
| 700 | _aHopper Steven P | ||
| 700 | _aMurphy Gerald J | ||
| 942 | _cRE | ||
| 999 |
_c45528 _d45528 |
||